[Event "FRA-ch U14 Girls"]
[Site "Nimes"]
[Date "2012.04.14"]
[Round "1"]
[White "Chansavang, Alise"]
[Black "Malassagne, Isabelle"]
[Result "0-1"]
[WhiteElo "1480"]
[BlackElo "1880"]
[PlyCount "88"]
[EventDate "2012.04.14"]
[EventType "swiss"]
[EventRounds "9"]
[EventCountry "FRA"]
[SourceTitle "CBM 148 Extra"]
[Source "ChessBase"]
[SourceDate "2012.06.22"]
[SourceVersion "1"]
[SourceVersionDate "2012.06.22"]
[SourceQuality "1"]

1. d4 Nf6 2. c4 c5 3. e3 g6 4. Nc3 Bg7 5. dxc5 Na6 6. Nf3 Nxc5 7. Be2 0-0 8. 0-0 d6 9. Bd3 Nxd3 10. Qxd3 b6 11. e4 Ba6 12. Bd2 Nd7 13. b3 Nc5 14. Qe2 Bb7 15. Rac1 Bxc3 16. Bxc3 Nxe4 17. Qe3 Nxc3 18. Rxc3 Bxf3 19. Qxf3 Rc8 20. Re1 Rc5 21. g3 Qc7 22. Ree3 Rc8 23. Qf4 d5 24. Qxc7 R8xc7 25. Re2 e6 26. Rec2 b5 27. f4 b4 28. Rd3 dxc4 29. bxc4 Rxc4 30. Rxc4 Rxc4 31. Rd7 a5 32. Ra7 Rc5 33. Kf2 Rc2+ 34. Ke3 Rxa2 35. h3 Ra3+ 36. Kf2 b3 37. Rb7 a4 38. Rb4 Ra2+ 39. Ke3 b2 40. Kd3 a3 41. Rb3 Ra1 42. Kc2 Rc1+ 43. Kd2 b1Q 44. Rxb1 Rxb1 0-1